Insurance Mascots - Statistics

General Stats
  • This quiz has been taken 22 times
  • The average score is 6 of 10
Answer Stats
Company Mascot % Correct
Geico Geico Gecko / Martin
100%
Progressive Flo
94%
Aflac The Aflac Duck
88%
State Farm Jake
71%
General Insurance The General
59%
Allstate Mayhem
47%
Jamie
35%
Liberty Mutual Limu Emu and Doug
35%
Dr. Rick
24%
Farmer's Insurance Professor Burke
12%
No matching quizzes found
Score Distribution
Percent of People with Each Score
Percentile by Number Answered
Your Score History
You have not taken this quiz